| 000 | 00821nam a2200193Ia 4500 | ||
|---|---|---|---|
| 008 | 151121s9999||||xx |||||||||||||| ||und|| | ||
| 082 | _a080/जाधव | ||
| 082 | _bHNW-114651 | ||
| 100 | _aजाधव नरेंद्र | ||
| 245 | _aरवींद्रनाथ टागोर समग्र साहित्यदर्शन | ||
| 260 | _b"ग्रंथाली प्रकाशन, मुंबई।" | ||
| 260 | _c2013 | ||
| 300 | _a309 | ||
| 600 | _aजाधव नरेंद्र | ||
| 630 | _aरवींद्रनाथ टागोर समग्र साहित्यदर्शन | ||
| 700 | _aजाधव नरेंद्र | ||
| 730 | _aरवींद्रनाथ टागोर समग्र साहित्यदर्शन | ||
| 942 | _cBOOK | ||
| 999 |
_c1263590 _d1263587 |
||